| 000 | 00659nam a2200145Ia 4500 | ||
|---|---|---|---|
| 008 | 170221s9999 xx 000 0 und d | ||
| 100 | _aMarina L. Nekrasova | ||
| 245 | _aInternational Experience of Ensuring the Competitiveness of Regional Economies with Instrumental Functions of the Cluster Approach | ||
| 245 | _cMarina L. Nekrasova, Maria V. Vronskaya, Sergey S. Demin, Zarima G. Zainasheva, Vlada V. Sharipova, Tatyana R. Khannanova, Sergey V. Tkachev | ||
| 260 | _bInternational Review of Management and Marketing | ||
| 260 | _c2012 | ||
| 300 | _a1 : 2 | ||
| 650 | _xMarketing. | ||
| 856 | _uhttp://www.econjournals.com/index.php/irmm/issue/view/70 | ||
| 999 |
_c314022 _d314022 |
||